Análisis matemático utilizando Mathematica (Registro nro. 2132)

Detalles MARC
000 -Cabecera
Campo de control de longitud fija 01031aam a2200397 4500
005 - Fecha y hora de la última transacción
Campo de control 20251107183618.0
008 - Elementos de longitud fija--Información general
Campo de control de longitud fija 150311b2006 xxu||||| |||| 00| 0 spa d
020 ## - International Standard Book Number
Número Internacional Estándar del Libro (ISBN) 9871046588
041 ## - Idioma
Código de idioma Español
082 ## - Clasificación Decimal Dewey
Número de clasificación 510 Z88a
100 ## - Entrada principal--Autor personal
Nombre personal Zorzoli, Gustavo
9 (RLIN) 18427
100 ## - Entrada principal--Autor personal
Nombre personal Durante, Flavio
9 (RLIN) 18428
100 ## - Entrada principal--Autor personal
Nombre personal Bossi, Pablo
9 (RLIN) 18429
245 ## - Título propiamente dicho
Título Análisis matemático utilizando Mathematica
260 ## - Pie de imprenta
Lugar de publicación, distribución, etc. Argentina
260 ## - Pie de imprenta
Nombre del editor, distribuidor, etc. Omicron System
260 ## - Pie de imprenta
Fecha de publicación, distribución, etc. 2006
300 ## - Descripción física
Extensión 318 páginas
490 ## - Serie
Título de la Serie Temática General
505 ## - Nota de contenido
Nota de contenido Contiene disco compacto N° 439
505 ## - Nota de contenido
Nota de contenido Disco compacto contiene archivo descargable con ejercicios resueltos y plantillas.
650 ## - Materia general
Temática (materia general) MATEMÁTICAS
650 ## - Materia general
Temática (materia general) APLICACIONES INFORMÁTICAS
650 ## - Materia general
Temática (materia general) FUNCIONES
650 ## - Materia general
Temática (materia general) LÍMITES
650 ## - Materia general
Temática (materia general) DERIVADAS
650 ## - Materia general
Temática (materia general) SUCESIONES
650 ## - Materia general
Temática (materia general) INTEGRALES
650 ## - Materia general
Temática (materia general) SERIES DE POTENCIAS
942 ## - Punto de acceso adicional KOHA
Tipo de ítem KOHA Libro
Fuente del sistema de clasificación o colocación Dewey Decimal Classification
Existencias
Signatura completa Código de barras Programa Académico Tipo de ítem
510 Z88a 12863   Libro
439 DC 439DC   Disco Compacto